000 00467pab a2200169 454500
008 180718b2012 xxu||||| |||| 00| 0 eng d
100 _aBoehmke, Frederick J.
245 _aIndian nations as interest groups: Tribal motivations for contributions to U.S. senators
260 _c2012
300 _ap.179-191.
362 _aMar
650 _aInterest groups
700 _aWitmer, Richard
773 _aPolitical Research Quarterly
908 _aN
909 _a96591
999 _c96591
_d96591